000 00651nam a22002417a 4500
003 UA-OsUOA
001 20670
007 ta
008 20031103b un ||||| |||| 00| 0 ukr d
090 _a929:631.5
_bЄ14
942 _cBK
040 _aUA-OsUOA
_bukr
_cUA-OsUOA
_dUA-OsUOA
245 _aЄвген Храпливий
_bЗбірник науково-популярних статей
_cРед. І.Гургула
300 _a100 с.
_bІлюстрації
955 _a0
041 _aukr
080 _a929:631.5
020 _a966-7034-007
260 _aЛьвів
_bОснова
_c1997
044 _aUA
650 7 _2UDC
999 _c306850
_d306850